000 00532nam a2200121Ia 4500
008 220615s9999||||xx |||||||||||||| ||und||
100 _aIgor Girka
245 0 _aNuclear Fusion - One Noble Goal and a Variety of Scientific and Technological Challenges
546 _aEnglish[eng]
650 _aPhysical Sciences||Engineering and Technology||Chemistry||Radiochemistry||Nuclear Chemistry
856 _uhttps://www.intechopen.com/books/nuclear-fusion-one-noble-goal-and-a-variety-of-scientific-and-technological-challenges
942 _cEB
999 _c18683
_d18683